000 01026nam a22002777a 4500
005 20240530110541.0
008 151209s2013 sy g b 000 0 ara d
020 _a9789933464875
040 _aEG-CaGPL
082 0 4 _221
_a189.16\
_bم م
100 0 _aمحمد مستقيم
245 1 0 _aمفاهيم اركونية :
_bالمشروع النقدى للعقل الاسلامى /
_cمحمد مستقيم
250 _aط1
260 _aدمشق :
_bالنايا للدراسات و النشر و التوزيع ،
_c2013 .
300 _a157 ص ؛
_c20 سم .
504 _aتم توحيد الرقم على اساس الناشر و السلسلة
650 0 4 _aالثقافة الاسلامية
650 0 4 _aالمفاهيم الاركونية
650 0 4 _aالثقافة الارثوذوكسية
650 0 4 _aالمعرفة
650 0 4 _aالانثروبولوجية
650 0 4 _aالسوسيولوجية
650 0 4 _aالسياسة
942 _2ddc
_cBK
999 _c62265
_d62265